Vixen - Portrayals by Picture - Statistics

General Stats
  • This quiz has been taken 2 times
  • The average score is 5 of 10
Answer Stats
Picture Answer % Correct
Cree Summer
100%
Gina Torres
100%
Kimberly Brooks
50%
Maisie Richardson-Sellers
50%
Megalyn Echikunwoke
50%
Megalyn Echikunwoke
50%
Megalyn Echikunwoke
50%
Megalyn Echikunwoke
50%
Jasika Nicole
0%
Keesha Sharp
0%
No matching quizzes found
Score Distribution
Percent of People with Each Score
Percentile by Number Answered
Your Score History
You have not taken this quiz